Calidad total en la dirección de Recursos Humanos

Saved in:
Bibliographic Details
Main Authors: Petrick, Joseph A (Author), Furr, Diana S (Author)
Format: Book
Language:Spanish
Published: Barcelona Gestión 2000 1997
Edition:1a. ed
Subjects:
Tags: Add Tag
No Tags, Be the first to tag this record!

MARC

LEADER 00000cam a2200000 a 4500
001 UCC0488
003 CL-VaPUC
008 170818e19970000sp |||||||||||||||||spa|d
020 |a 8480882026 
082 0 4 |a 658.3  |b PET  |2 21 
100 0 |a Petrick, Joseph A  |e author  |9 594463 
700 0 |a Furr, Diana S  |e author  |9 594464 
245 1 0 |a Calidad total en la dirección de Recursos Humanos 
250 |a 1a. ed 
300 |a 369 p 
942 |c BK 
945 |d 20170818 15:36:00  |a dcastane 
260 |a Barcelona  |b Gestión 2000  |c 1997 
650 0 |a Recursos humanos   |9 228420 
650 0 |a Comercialización   |9 259326 
583 |a last modification  |c 20170818 15:36:00  |k Rodrigo Vera 
999 |c 369317  |d 369315 
952 |0 0  |1 0  |3 erb  |4 0  |6 658_300000000000000_PET_1997  |7 0  |8 A  |9 485066  |a BIBEDU  |b BIBEDU  |i 5414636  |o 658.3 PET 1997  |p 5414636  |r 2019-11-24  |w 2019-11-24  |y BK  |z Catalogado en:20170818  |k PSI